000 00217 a2200109 4500
020 _a9789681104962
041 _aspa
100 _aBarrett, David M.
245 _aGUIA DE LA CLINICA MAYO
942 _cBK
952 _71
999 _c18525
_d18525